000 01004nam a2200289Ia 4500
001 92860
003 IT-RoPAU
008 130308s9999 xx 000 0 und d
040 _aIT-RoPAU
040 _cIT-RoPAU
041 _aPORTOGHESE
100 _aRehbein Franziska C.
100 _gCodice Aut. SPICS: 32629
245 _aCaminhos de salvacao das religioes afro-brasileiras
245 _bAmerica Latina: 500 Anos de Evangelizacao-Reflexoes Teologico-Pastorais
250 _a1a ed.
260 _aSAO PAULO
260 _bEdicoes Paulinas
260 _c1990 [1° Ed.:1990 - Ed.Ling.Originale:1990]
300 _a"26 p. (prefazione: no ; testo: 26 [pagine: 114-139])"
500 _aCammino di salvezza delle Religioni Afro Brasiliane Comunità di fede Comunità di Vita Comunità di Amore e di Fraternità Comunità di culto Comunità di Speranza
650 _aSAGGI TEOLOGIA COMUNICAZIONE SOCIALE
650 _eCodice materia Spics: 9211
942 _cBK
957 _71
999 _c86980
_d86980
999 _g1